Open Data Biblioteca Nacional de Portugal


República Portuguesa: Ministério da Cultura
Biblioteca Nacional de Portugal

Catálogo da BNP: acesso por Identificadores Unívocos
Registos Bibliográficos associados ao registo de autoridade

Etiqueta de registo: 00492nam 22001571i 450
001 1275657
003 http://id.bnportugal.gov.pt/bib/catbnp/1275657
100 ## $a20020801d1808 m y0pory010305 ba
101 0# $apor
102 ## $aPT
200 1# $aOração em acção de graças... pela restauração de Portugal...$fJoão Maria Soares de Castelo Branco
210 #9 $aLisboa$cImp. Regia$d1808
215 ## $a1 v.$d20 cm
700 #1 $aCastelo Branco,$bJoão Maria Soares de,$f1767-1831$3176966
801 #0 $aPT$bBN
801 #1 $aFR$bJOUVE
966 ## $lBN$mFGMON$sR. 22531//14 P. $x0
997 ## $aBIBEOD

Etiqueta de registo: 00824cam 2200205 450
001 601583
003 http://id.bnportugal.gov.pt/bib/catbnp/601583
005 19990104000000.0
095 ## $aPTBN00811877
100 ## $a19960520d1808 km a0pory0103 ba
101 0# $apor
102 ## $aPT
200 1# $aOração congratulatoria pronunciada na festividade, que fizérão o presidente, conegos, e beneficiados da Basilica de Santa Maria no dia 24 de Setembro em acção de graças ao Altissimo pela feliz restauração de Portugal...$fseu author João Maria Soares de Castello-Branco
210 #9 $aLisboa$cImpr. Regia,$d1808
215 ## $a[6], 67 p.$d20 cm
700 #1 $aCastelo Branco,$bJoão Maria Soares de,$f1767-1831$3176966
801 #0 $aPT$bBN$gRPC
856 40 $2Cópia digital disponível em HathiTrust's digital library $uhttps://babel.hathitrust.org/cgi/pt?id=uc1.a0000629568;view=1up;seq=9
966 ## $lBN$mFGMON$sH.G. 9788//6 P.
966 ## $lBN$mFGMON$sH.G. 15119//11 P.
966 ## $lBN$mFGMON$sL. 4996 V.$x0
966 ## $lBN$mFGMON$sL. 14105//10 P.
966 ## $lBN$mFGMON$sR. 24341//5 P. $x0

Etiqueta de registo: 00254nbm 2200025 450
001 2284466
003 http://id.bnportugal.gov.pt/bib/catbnp/2284466
100 ## $a20260415j1820 k y0pory01030103ba
101 0# $aporlat
102 ## $aPT
105 ## $ay z 000yy
106 ## $ah
200 1# $aTratado D' Economia Politica, ou Simples Exposiçaõ Do modo por que se fórmaõ, se distribuem, e se consomem as riquezas$fEscrito em Francez por João Baptista Say$gTraduzido da segunda ediçaõ de 1814, e accommodado ao uso dos Portugueses, Offerecido á Naçaõ Portugueza por Joaõ Maria Soares de Castello-Branco$vTomo Primeiro$bManuscrito]
210 #1 $d1820
215 ## $a[IV] f., XXVI, 262, [22] p., enc.$d25 cm
300 ## $aAutógrafo do tradutor destinado à impressão: "Imprima-se, e volte. Commissão de Censura, aos 19 de Dez[embro] de 1820." (colofão)
307 ## $aManchado pela tinta ferrogálica e humidade com grave prejuízo da leitura; papel acidificado
307 ## $aEncadernação em papel marmoreado
316 ## $aCota antiga: V-3-9
316 ## $aCota antiga: V-1-25
518 1# $aTratado de Economia Política...
700 #1 $aSay,$bJean Baptiste,$f1767-1832$374513
702 #1 $aCastelo Branco,$bJoão Maria Soares de,$f1767-1831$4730$3176966
801 #0 $aPT$bBN$gRPC
966 ## $lBN$mRESMAN$sCOD. 7078
971 ## $cipires$d20260415

OpendataBNP@bnportugal.pt | Mais informação sobre acesso aos dados BNP